Язык. Общество. Образование: сборник научных трудов VI Международной научно-практической конференции «Лингвистические и культурологические аспекты современного инженерного образования», Томск, 12-14 ноября 2025 г.

מידע ביבליוגרפי
Corporate Authors: Язык. Общество. Образование конференция, Национальный исследовательский Томский политехнический университет
מחברים אחרים: Кобенко Ю. В. Юрий Викторович
סיכום:Заглавие с экрана
В сборник научных трудов включены статьи участников VI Международной научно-практической конференции «Лингвистические и культурологические аспекты современного инженерного образования», проведённой 12–14 ноября 2025 года на базе отделения иностранных языков Школы общественных наук Национального исследовательского Томского политехнического университета. Научные труды посвящены актуальным проблемам современного языкознания, теории и практики перевода, литературоведения, методики обучения иностранным языкам, а также особенностям инженерной и межкультурной коммуникации. Сборник предназначен для научных работников, переводчиков, преподавателей, аспирантов и студентов.
שפה:רוסית
יצא לאור: Томск, Изд-во ТПУ, 2025
נושאים:
גישה מקוונת:https://www.elibrary.ru/item.asp?id=88896837
פורמט: אלקטרוני ספר
KOHA link:https://koha.lib.tpu.ru/cgi-bin/koha/opac-detail.pl?biblionumber=685963

MARC

LEADER 00000nam1a2200000 4500
001 685963
005 20260403145926.0
090 |a 685963 
100 |a 20260403d2025 k||y0rusy50 ca 
101 0 |a rus 
102 |a RU 
105 |a y z 101zy 
135 |a drcn ---uucaa 
181 0 |a i   |b  e  
182 0 |a b 
183 |a cr  |2 RDAcarrier 
200 1 |a Язык. Общество. Образование  |e сборник научных трудов VI Международной научно-практической конференции «Лингвистические и культурологические аспекты современного инженерного образования», Томск, 12-14 ноября 2025 г.  |f Национальный исследовательский Томский политехнический университет (ТПУ); гл. ред. Ю. В. Кобенко 
203 |a Текст  |c электронный 
210 |a Томск  |c Изд-во ТПУ  |d 2025 
215 |a 1 файл (4,4 Мб, 281 с.)  |c pdf 
283 |a online_resource 
300 |a Заглавие с экрана 
320 |a Библиография в конце статей 
330 |a В сборник научных трудов включены статьи участников VI Международной научно-практической конференции «Лингвистические и культурологические аспекты современного инженерного образования», проведённой 12–14 ноября 2025 года на базе отделения иностранных языков Школы общественных наук Национального исследовательского Томского политехнического университета. Научные труды посвящены актуальным проблемам современного языкознания, теории и практики перевода, литературоведения, методики обучения иностранным языкам, а также особенностям инженерной и межкультурной коммуникации. Сборник предназначен для научных работников, переводчиков, преподавателей, аспирантов и студентов. 
606 1 |a Иностранные языки  |x Методика преподавания  |2 stltpush  |3 (RuTPU)RU\TPU\subj\12658  |9 39408 
610 1 |a электронный ресурс 
610 1 |a труды учёных ТПУ 
610 1 |a материалы конференций 
610 1 |a лингвистика 
610 1 |a межкультурные коммуникации 
610 1 |a современное образование 
610 1 |a культура 
610 1 |a традиции 
610 1 |a инновации 
610 1 |a языковые коммуникации 
610 1 |a английский язык 
610 1 |a лингвокультура 
610 1 |a переводы 
610 1 |a языкознание 
686 |a Ш12-9л0  |2 rubbk 
702 1 |a Кобенко  |b Ю. В.  |c лингвист  |c профессор Томского политехнического университета, доктор филологических наук  |f 1977-  |g Юрий Викторович  |4 651 
712 1 2 |a Язык. Общество. Образование  |b конференция  |d 6  |e Томск  |f 2025 
712 0 2 |a Национальный исследовательский Томский политехнический университет  |c (2009- )  |9 26305 
801 2 |a RU  |b 63413507  |c 20241217  |g RCR 
850 |a 63413507 
856 4 0 |u https://www.elibrary.ru/item.asp?id=88896837  |z https://www.elibrary.ru/item.asp?id=88896837 
942 |c CF